| 000 | 00822nab a2200253 a 4500 | ||
|---|---|---|---|
| 005 | 20210219161905.0 | ||
| 008 | 991125s1985 mx 000 0 spa u | ||
| 035 | _aUPN01000193885 | ||
| 100 | 1 | _aBarcelata Eguiarte, Blanca Estela | |
| 222 | _aREVISTA MEXICANA DE ORIENTACION EDUCATIVA | ||
| 245 | _aCorrelatos entre funcionamiento familiar y apoyo social percibido en escolares en riesgo psicosocial | ||
| 300 | _a65-70 | ||
| 362 | 0 | _a2013 3a época, vol. 10, no. 24, ene.-jun. | |
| 653 | 0 | _aESTUDIANTES | |
| 653 | 0 | _aRIESGO PSICOSOCIAL | |
| 653 | 0 | _aAPOYO SOCIAL | |
| 653 | 0 | _aFUNCIONAMIENTO FAMILIAR | |
| 700 | 1 | _aGranados Maguey, Arturo, | |
| 700 | 1 | _ecoaut. | |
| 700 | 1 | _aRamírez Ferrusca, Alejandro, | |
| 700 | 1 | _ecoaut. | |
| 856 | 1 | _ahttp://www.remo.ws/REVISTAS/remo-24.pdf | |
| 905 | _aArticulo | ||
| 999 |
_c165986 _d165986 |
||